The training of the will /
Salvato in:
| Autore principale: | |
|---|---|
| Natura: | Sách giấy |
| Lingua: | English |
| Pubblicazione: |
Milwaukee :
Bruce Pub. Co.,
1929.
|
| Tags: |
Aggiungi Tag
Nessun Tag, puoi essere il primo ad aggiungerne! !
|
| Thư viện lưu trữ: | Thư viện Trường Đại học Đà Lạt |
|---|
| LEADER | 00653nam a2200265 4500 | ||
|---|---|---|---|
| 001 | DLU100113045 | ||
| 005 | ##2010119 | ||
| 040 | # | # | |a DLU |b vie |
| 041 | # | # | |a eng |
| 044 | # | # | |a us |
| 082 | # | # | |a 153.8 |b LI-J |
| 100 | # | # | |a Lindworsky, Johann. |
| 245 | # | # | |a The training of the will / |c Johann Lindworsky; translated by A. Steiner and E. A. Fitzpatrick. |
| 260 | # | # | |a Milwaukee : |b Bruce Pub. Co., |c 1929. |
| 300 | # | # | |a 186 p. ; |c 20 cm. |
| 923 | # | # | |a 100/2010 |
| 992 | # | # | |a 0 |
| 994 | # | # | |a DLU |
| 900 | # | # | |a True |
| 911 | # | # | |a Lý Thị Hồng Hạnh |
| 925 | # | # | |a G |
| 926 | # | # | |a A |
| 927 | # | # | |a SH |
| 980 | # | # | |a Thư viện Trường Đại học Đà Lạt |